| Tag |
First Indicator |
Second Indicator |
Subfields |
| LEADER |
00000ctm a2200000Ia 4500 |
| 001 |
in00001122003 |
| 005 |
20200904152559.0 |
| 008 |
930212s1991 xx a bm 000 0 eng d |
| 035 |
|
|
|a (OCoLC)ocm27424087
|
| 035 |
|
|
|9 AFV8283AM
|
| 040 |
|
|
|a TXA
|b eng
|c TXA
|d OCLCQ
|d OCLCO
|d OCLCQ
|d TXA
|
| 035 |
|
|
|a (OCoLC)27424087
|
| 049 |
|
|
|a TXAM
|
| 099 |
|
|
|a 1991
|a Dissertation
|a O58
|
| 100 |
1 |
|
|a O'Neil, Lois Jean Hunt,
|d 1947-
|
| 245 |
1 |
0 |
|a Test and modification of a northern bobwhite habitat suitability index model /
|
| 264 |
|
1 |
|c 1991.
|
| 300 |
|
|
|a viii, 107 leaves :
|b illustrations ;
|c 29 cm
|
| 336 |
|
|
|a text
|b txt
|2 rdacontent
|
| 337 |
|
|
|a unmediated
|b n
|2 rdamedia
|
| 338 |
|
|
|a volume
|b nc
|2 rdacarrier
|
| 500 |
|
|
|a Typescript (photocopy).
|
| 502 |
|
|
|b Ph. D.
|c Texas A & M University
|d 1991
|
| 500 |
|
|
|a Vita.
|
| 504 |
|
|
|a Includes bibliographical references.
|
| 500 |
|
|
|a "Major subject: Wildlife and Fishery Sciences."
|
| 520 |
3 |
|
|a A draft Habitat Suitability Index (HSI) model for the northern bobwhite (Colinus virginianus) was tested on 9 study areas at the Ames Plantation, Grand Junction, Tennessee. The standard of comparison for the test was number of birds/hectare determined from walk-census data in December 1983. Density ranged from 0 to 3.28 birds/ha and initial HSI scores ranged from 0.19 to 1.0. Density was significantly correlated with HSI scores but model scores were higher than density on 7 of the 9 study areas. Factors in the model related to food were responsible for the elevated scores. Assuming census data accurately reflected habitat quality, the model was modified to make the scores more closely approximate density estimates. The resulting model scores correlated with density at Pearson r = 0.748 (n = 9, P < 0.02). Performance of the model is adequate for planning and management purposes in west Tennessee. Application in other locations and for more rigorous purposes would require additional testing and adjustment of the model.
|
| 650 |
|
0 |
|a Northern bobwhite
|x Habitat.
|
| 650 |
|
0 |
|a Habitat partitioning (Ecology)
|x Mathematical models.
|
| 650 |
|
4 |
|a Major wildlife and fishery sciences.
|
| 655 |
|
7 |
|a Academic theses
|2 lcgft
|
| 700 |
1 |
|
|a Silvy, Nova J.,
|e degree supervisor.
|
| 700 |
1 |
|
|a Grant, William E.,
|e degree committee member.
|
| 700 |
1 |
|
|a Slack, R. Douglas,
|e degree committee member.
|
| 700 |
1 |
|
|a Smeins, Fred E.,
|e degree committee member.
|
| 710 |
2 |
|
|a Texas A & M University,
|e degree granting institution.
|
| 856 |
4 |
1 |
|x http://hdl.handle.net/1969.1/DISSERTATIONS-1284260
|z Link to OAKTrust copy
|t 0
|
| 856 |
4 |
1 |
|u http://proxy.library.tamu.edu/login?url=http://proquest.umi.com/pqdweb?did=746243881&sid=1&Fmt=2&clientId=2945&RQT=309&VName=PQD
|z Link to OAKTrust copy
|t 0
|
| 994 |
|
|
|a C0
|b TXA
|
| 999 |
f |
f |
|s 4b558135-798a-3077-a673-b483f8306cbf
|i 13dc72d4-e09a-3c9c-858b-4d035db7dfb3
|t 0
|
| 952 |
f |
f |
|p noncirc
|a Texas A&M University
|b J.J. Pickle Campus
|c High Density Repository
|s HDR
|d Remote Storage
|t 0
|e 1991 Dissertation O58
|h Other scheme
|i unmediated -- volume
|m A14841036229
|
| 952 |
f |
f |
|a Texas A&M University
|b College Station
|c Electronic Resources
|s www_evans
|d Available Online
|t 0
|e 1991 Dissertation O58
|h Other scheme
|
| 998 |
f |
f |
|a 1991 Dissertation O58
|t 0
|l Available Online
|
| 998 |
f |
f |
|a 1991 Dissertation O58
|t 0
|l Remote Storage
|